00533nam a2200157Ia 4500008004100000020001500041050003100056100002000087245007200107260005300179300002300232504002300255520002800278650002900306650004000335150610s9999 xx 000 0 und d a9710869256 aLB1027.5 b.T84 2008    aTulio, Doris D. 2aA breakthrough in school guidance and counseling /cDoris D. Tulio. aMandaluyong City :bNational Book Store,c2008. a212pages ;c23 cm. aIncludes glossary. aEducational counseling. aPhilippines.xCounseling xCounseling in elementary education.